Krízový manažment
Obsahové vymedzenie krízového manažmentu firmy. Nástroje krízového manažmentu. Harmonogram a vecný obsah revitalizácie. Nositelia revitalizácie firmy. Manažérske zručnosti pre riadenie krízy. Krízový plán a jeho etapy. Riziká riadenia procesu krízy.
Salvato in:
| Autore principale: | |
|---|---|
| Natura: | Capitolo di libro |
| Lingua: | slovacco |
| Soggetti: | |
| Tags: |
Nessun Tag, puoi essere il primo ad aggiungerne!!
|
MARC
| LEADER | 00000naa a2200000 4500 | ||
|---|---|---|---|
| 001 | r040720 | ||
| 005 | 20231003081207.3 | ||
| 041 | 0 | |a slo | |
| 044 | |a SK | ||
| 245 | 1 | 0 | |a Krízový manažment |c Jiří Stýblo |
| 520 | |a Obsahové vymedzenie krízového manažmentu firmy. Nástroje krízového manažmentu. Harmonogram a vecný obsah revitalizácie. Nositelia revitalizácie firmy. Manažérske zručnosti pre riadenie krízy. Krízový plán a jeho etapy. Riziká riadenia procesu krízy. | ||
| 610 | 2 | 0 | |a manažment krízový |
| 610 | 2 | 0 | |a oživenie |
| 610 | 2 | 0 | |a plánovanie podnikové |
| 610 | 2 | 0 | |a kríza |
| 610 | 2 | 0 | |a riadenie zmien |
| 610 | 2 | 0 | |a reštrukturalizácia |
| 100 | 1 | |a Stýblo, Jiří | |